| 000 | 00527nam a22001817a 4500 | ||
|---|---|---|---|
| 999 |
_c8453 _d8453 |
||
| 003 | AR-CdUCM | ||
| 008 | 190325b ||||| |||| 00| 0 spa d | ||
| 040 |
_aMUNICIPALIDAD PROVINCIAL DEL CUSCO _cBIBLIOTECA MUNICIPAL DEL CUSCO |
||
| 082 |
_a869.56 / _bAL42 |
||
| 100 |
_aAliaga Cacho, Jorge _923717 |
||
| 245 | _aSecreto de desamor / | ||
| 260 |
_aLIma : _bRentería Editores, _c2007. |
||
| 300 |
_a123 páginas ; _c20.5 cm. |
||
| 650 |
_aNovelas peruanas _9545 |
||
| 650 |
_aSiglo XX _98 |
||
| 942 |
_2ddc _cLIBROS |
||
| 945 | _aafb | ||